logo

Bir Sreshtho Munshi Abdur Rouf Library
Jhenaidah Cadet College

Premier English Grammar & Literature / (Record no. 13560)

MARC details
000 -LEADER
fixed length control field 00573nam a2200217 a 4500
001 - CONTROL NUMBER
JCCL Control Number 13560
003 - CONTROL NUMBER IDENTIFIER
JCCL marc code BD-JhCC
005 - DATE AND TIME OF LATEST TRANSACTION
control field 20240201133523.0
008 - FIXED-LENGTH DATA ELEMENTS--GENERAL INFORMATION
fixed length control field 171209s2021 b |||| a| | 000 0 eng d
035 ## - SYSTEM CONTROL NUMBER
system control number (BD-JhCC)13560
040 ## - CATALOGING SOURCE
Original cataloging agency BD-JhCC
Modifying agency BD-JhCC
041 ## - LANGUAGE CODE
Language code of Book English
082 ## - DEWEY DECIMAL CLASSIFICATION NUMBER
Classification number 425.24
Author mark and Year LAT 2021
100 ## - MAIN ENTRY--PERSONAL NAME
Personal name Latif, Mohammad Abdul
245 ## - TITLE STATEMENT
Title Premier English Grammar & Literature /
Statement of responsibility, etc Mohammad Abdul Latif.
260 ## - PUBLICATION, DISTRIBUTION, ETC. (IMPRINT)
Place of publication, distribution, etc Dhaka:
Name of publisher, distributor, etc Latif Publictison;
Date of publication, distribution, etc 2021.
300 ## - PHYSICAL DESCRIPTION
Pagination 516 p. :
Dimensions 24 cm.
650 ## - SUBJECT ADDED ENTRY--TOPICAL TERM
Topical term or geographic name as entry element English Grammar
942 ## - ADDED ENTRY ELEMENTS (KOHA)
Source of classification or shelving scheme Dewey Decimal Classification
Koha item type Books
Holdings
Source of classification or shelving scheme Damaged status Not for loan Home library Current library Shelving location Date of accession Cost, normal purchase price Total Checkouts Full call number Barcode Date last seen Date checked out Copy number Method of acquisition Koha item type Currency
Dewey Decimal Classification     JCC Rouf Library JCC Rouf Library General Stacks   270.00 3 425.24 LAT 2021 17105 10/03/2024 09/26/2024 C-1 Purchase Books BDT

JCC Library | Contacts | JCC Home

Last Update on 23 September 2017
Copyright @ 2017-2020 JCC Rouf Library
Rouf Library, Jhenidah Cadet College (JCC), Bangladesh